| 000 | 00844nam a2200253 a 4500 | ||
|---|---|---|---|
| 001 | BRCA_5989 | ||
| 005 | 20190320205306.0 | ||
| 008 | 290311s1948----u--#######---#000-0#eng-# | ||
| 041 | _aeng | ||
| 044 | _au | ||
| 050 | 4 |
_aZ5931 _b.G85 1948 |
|
| 245 | 1 | 0 |
_aA guide to the art of Latin America _cedited by Robert C. Smith and Elizabeth Wilder. |
| 260 |
_aWashington _bLibrary of Congress _c1948 |
||
| 300 |
_av, 480 p. _c23 cm. |
||
| 440 | 0 |
_aLibrary of Congress. Hispanic Foundation. Latin American series _v21 _915127 |
|
| 500 | _aIncluye índice alfabético | ||
| 500 | _aG101 | ||
| 650 | 1 | 4 |
_aArte _vBibliografías _zAmérica Latina _915128 |
| 650 | 1 | 4 |
_aArtistas _vBibliografías _zAmérica Latina _915129 |
| 700 | 1 |
_aSmith, Robert Chester _eEditor _915130 |
|
| 700 | 1 |
_aWilder, Elizabeth _eEditor _915131 |
|
| 902 | _aGFM | ||
| 942 |
_2lcc _cB |
||
| 999 |
_c5678 _d5678 |
||